|
|
|
|
| LEADER |
00000nas a22000007a 4500 |
| 005 |
20130311180233.0 |
| 007 |
cr|||| |||| |
| 008 |
130311c20109999gw qr|p s|||| 0|||a1ger d |
| 022 |
|
|
|a 18694942
|
| 035 |
|
|
|a 7232
|
| 040 |
|
|
|a vLex
|
| 090 |
|
|
|c 3892
|d 3892
|
| 245 |
0 |
0 |
|a Renewable Energy Law and Policy
|b RELP
|h [Recurso electrn̤ico]
|
| 256 |
|
|
|a Servicio en ln̕ea
|
| 260 |
|
|
|a Berlin :
|b Lexxion Verlagsgesellschaft mbH,
|c 2010
|
| 300 |
|
|
|a 1 Recurso electrn̤ico
|
| 506 |
|
|
|d vLex Global
|d vLex Global (Academic Edition, excluding Law Schools)
|d vLex Global (U.S. Academic Edition, Law Schools)
|d vLex Global (U.S. Academic Edition, excluding Law Schools)
|d vLex Global (Academic Edition, Law Schools)
|
| 650 |
0 |
4 |
|a Energa̕
|v Revistas
|
| 650 |
0 |
4 |
|a Derecho
|v Revistas
|
| 740 |
|
|
|a vLex Revistas (Servicio en ln̕ea)
|
| 856 |
|
|
|a Acceso restringido
|u http://www.vlex.com/source/7232
|
| 942 |
|
|
|c REV
|